[Event "ch-RUS Blitz 2017"]
[Site "Sochi RUS"]
[Date "2017.10.02"]
[Round "17.25"]
[White "Savitskiy, Sergey"]
[Black "Zakaryan, David"]
[Result "1-0"]
[WhiteTitle "IM"]
[BlackTitle "FM"]
[WhiteElo "2412"]
[BlackElo "2293"]
[WhiteFideId "24105660"]
[BlackFideId "24101923"]
[EventDate "2017.10.02"]
[EventType "blitz"]

1. e4 e5 2. Nf3 Nc6 3. Bc4 Nf6 4. d3 Be7 5. O-O O-O 6. Nbd2 h6 7. Re1 d6 8. c3
Be6 9. a4 Qd7 10. a5 a6 11. Qb3 Rab8 12. d4 Bxc4 13. Nxc4 exd4 14. cxd4 d5 15.
Nce5 Nxe5 16. Nxe5 Qb5 17. Qxb5 axb5 18. exd5 Bb4 19. Rd1 Rfd8 20. a6 Rxd5 21.
axb7 Rxb7 22. Ra8+ Kh7 23. Nxf7 c5 24. Rh8+ Kg6 25. Ne5+ Kf5 26. Nc6 Rc7 27.
Nxb4 cxb4 28. h3 Rc2 29. g4+ Kg6 30. f4 Ne4 31. f5+ Kf7 32. Be3 Re2 33. Bf4 Rxb2
34. Ra1 Nf6 35. Be5 Rd7 36. Rb8 Ne4 37. Raa8 Nf6 38. Rxb5 b3 39. Rab8 Ne4 40.
Rxb3 Ra2 41. R8b7 Ra1+ 42. Kg2 Ra2+ 43. Kf3 Ng5+ 44. Kg3 Ra7 45. Rxd7+ Rxd7 46.
h4 Ne4+ 47. Kf4 Nd2 48. Rc3 h5 49. g5 Nb1 50. Rc7 Rxc7 51. Bxc7 Nc3 52. g6+ Kf8
53. Bd6+ Ke8 54. Ke5 Nb1 55. f6 1-0

[Event "ch-RUS Blitz 2017"]
[Site "Sochi RUS"]
[Date "2017.10.02"]
[Round "17.26"]
[White "Kezin, Roman"]
[Black "Chos, Alexey"]
[Result "1-0"]
[WhiteTitle "FM"]
[BlackTitle "IM"]
[WhiteElo "2455"]
[BlackElo "2317"]
[WhiteFideId "24124621"]
[BlackFideId "14117762"]
[EventDate "2017.10.02"]
[EventType "blitz"]

1. d4 Nf6 2. c4 c5 3. d5 e6 4. Nc3 exd5 5. cxd5 d6 6. e4 a6 7. a4 g6 8. h3 Bg7
9. Nf3 O-O 10. Bd3 Re8 11. O-O c4 12. Bc2 Nbd7 13. Bf4 Nc5 14. Re1 Nh5 15. Bh2
f5 16. exf5 Bxf5 17. Bxf5 gxf5 18. Rxe8+ Qxe8 19. Bxd6 Nd3 20. Qd2 Qg6 21. Bh2
Bh6 22. Qc2 Bf4 23. Ne2 Re8 24. Nxf4 Nhxf4 25. Bxf4 Nxf4 26. g3 Nxh3+ 27. Kh2
Qg4 28. Re1 Rxe1 29. Nxe1 Ng5 30. Qd2 Qh5+ 31. Kg2 Qh3+ 32. Kg1 Ne4 33. Qd4 Qg4
34. Qxc4 Qd1 35. Qc8+ Kg7 36. Qxb7+ Kg6 37. Qb6+ Kh5 38. Qe3 Qxd5 39. Ng2 Qd1+
40. Kh2 Kg6 41. Nf4+ Kf6 42. Qb6+ Kg5 43. Nh3+ Kh5 44. Nf4+ Kg4 45. Qh6 Qh1+ 46.
Kxh1 Nxf2+ 47. Kg2 Nh3 48. Qh5# 1-0

[Event "ch-RUS Blitz 2017"]
[Site "Sochi RUS"]
[Date "2017.10.02"]
[Round "17.27"]
[White "Oganian, Miran"]
[Black "Nechaev, Oleg"]
[Result "1-0"]
[WhiteTitle "IM"]
[BlackTitle "FM"]
[WhiteElo "2454"]
[BlackElo "2410"]
[WhiteFideId "4122488"]
[BlackFideId "24113409"]
[EventDate "2017.10.02"]
[EventType "blitz"]

1. b3 c5 2. Bb2 Nc6 3. Nf3 d6 4. g3 e5 5. d3 g6 6. Bg2 Bg7 7. O-O Nge7 8. c4 O-O
9. Nc3 Rb8 10. Ne1 Be6 11. Nc2 d5 12. cxd5 Nxd5 13. Ne3 Nde7 14. Rc1 b6 15. Nc4
Qd7 16. Qc2 Bh3 17. Rfd1 Bxg2 18. Kxg2 Nd4 19. Qd2 f5 20. f3 f4 21. Qe1 Nef5 22.
Ne4 b5 23. Nxc5 Qe7 24. Nd2 Ne3+ 25. Kg1 Rfc8 26. b4 fxg3 27. hxg3 Bh6 28. Nde4
Nxd1 29. Rxd1 Nc2 30. Qc3 Be3+ 31. Kf1 Bxc5 32. Qxc2 Bd4 33. Qb3+ Qf7 34. Qxf7+
Kxf7 35. Bxd4 exd4 36. Nd6+ Ke6 37. Nxc8 Rxc8 38. a4 Rb8 39. axb5 Rxb5 40. Ra1
Rb7 41. Kf2 Kd5 42. Ra5+ Kc6 43. Rc5+ Kd6 44. Rc4 Kd5 45. f4 h5 46. Kf3 Re7 47.
Rc5+ Kd6 48. Rg5 Re3+ 49. Kf2 Kc6 50. Rxg6+ Kb5 51. Rd6 h4 52. gxh4 Rh3 53. Rxd4
Rxh4 54. Rc4 Rh1 55. Kf3 Rf1+ 56. Ke4 Rb1 57. f5 1-0

[Event "ch-RUS Blitz 2017"]
[Site "Sochi RUS"]
[Date "2017.10.02"]
[Round "17.28"]
[White "Alexeev, Alexey"]
[Black "Popov, Mikhail"]
[Result "1-0"]
[WhiteTitle "IM"]
[BlackTitle "FM"]
[WhiteElo "2299"]
[BlackElo "2416"]
[WhiteFideId "14106663"]
[BlackFideId "4146182"]
[EventDate "2017.10.02"]
[EventType "blitz"]

1. e4 g6 2. d4 Bg7 3. Nf3 d6 4. Nc3 Nf6 5. Be2 O-O 6. O-O a6 7. a4 Nc6 8. d5 Na7
9. h3 c5 10. Bf4 Bd7 11. a5 Nb5 12. e5 Nxc3 13. bxc3 Ne4 14. Ra3 dxe5 15. Bxe5
Bxe5 16. Nxe5 Nd6 17. c4 Bf5 18. Bd3 Qc7 19. Re1 Rab8 20. Qa1 Rfe8 21. Ng4 Bxg4
22. hxg4 Qd7 23. f3 Qc7 24. Kf2 Rf8 25. Qc1 f5 26. Qg5 Rbe8 27. Re6 Rf7 28. Ra1
Ref8 29. gxf5 Nxf5 30. Bxf5 Rxf5 31. Rxg6+ Kh8 32. Qh6 Qe5 33. Re1 Qd4+ 34. Kg3
Qc3 35. Rxe7 Rxf3+ 36. Kh2 R3f7 37. Rxf7 Rxf7 38. Re6 Qg7 39. Re8+ 1-0

[Event "ch-RUS Blitz 2017"]
[Site "Sochi RUS"]
[Date "2017.10.02"]
[Round "18.1"]
[White "Morozevich, Alexander"]
[Black "Artemiev, Vladislav"]
[Result "1/2-1/2"]
[WhiteTitle "GM"]
[BlackTitle "GM"]
[WhiteElo "2676"]
[BlackElo "2692"]
[WhiteFideId "4116992"]
[BlackFideId "24101605"]
[EventDate "2017.10.02"]
[EventType "blitz"]

1. e4 c5 2. b3 d6 3. Bb2 Nf6 4. Nc3 g6 5. Bb5+ Bd7 6. Bxd7+ Qxd7 7. Nd5 Bg7 8.
Nxf6+ exf6 9. Qf3 Qe7 10. O-O-O Nc6 11. Ne2 O-O 12. Nf4 f5 13. Bxg7 Kxg7 14.
Rhe1 Qe5 15. c3 Rae8 16. exf5 Qxf5 17. Re3 Ne5 18. Qg3 Ng4 19. Rf3 Ne5 20. Re3
Ng4 21. Rf3 Ne5 1/2-1/2

[Event "ch-RUS Blitz 2017"]
[Site "Sochi RUS"]
[Date "2017.10.02"]
[Round "18.2"]
[White "Dubov, Daniil"]
[Black "Zvjaginsev, Vadim"]
[Result "1-0"]
[WhiteTitle "GM"]
[BlackTitle "GM"]
[WhiteElo "2666"]
[BlackElo "2643"]
[WhiteFideId "24126055"]
[BlackFideId "4113403"]
[EventDate "2017.10.02"]
[EventType "blitz"]

1. d4 d6 2. Nf3 Nf6 3. g3 g6 4. Bg2 Bg7 5. O-O O-O 6. c4 Bf5 7. d5 c5 8. Nc3 Ne4
9. Nb1 Nf6 10. Nbd2 Ne4 11. Nh4 Nxd2 12. Bxd2 Bd7 13. Rb1 b5 14. b3 Na6 15. a3
Rb8 16. Qc2 Rb7 17. Rfd1 Qc7 18. Bg5 h6 19. Bd2 Rfb8 20. cxb5 Bxb5 21. Be4 Be8
22. Bd3 Qb6 23. Bc4 Bb5 24. Nxg6 Bxc4 25. bxc4 Qxb1 26. Nxe7+ Kf8 27. Rxb1 Rxb1+
28. Kg2 Kxe7 29. Qh7 Bf6 30. Bxh6 Rd1 31. Qe4+ Kd7 32. Qc2 Re1 33. Qa4+ Ke7 34.
Qxa6 Rd8 35. e3 Rd7 36. h4 Bc3 37. Qc8 1-0

[Event "ch-RUS Blitz 2017"]
[Site "Sochi RUS"]
[Date "2017.10.02"]
[Round "18.3"]
[White "Fedoseev, Vladimir3"]
[Black "Andreikin, Dmitry"]
[Result "1-0"]
[WhiteTitle "GM"]
[BlackTitle "GM"]
[WhiteElo "2731"]
[BlackElo "2708"]
[WhiteFideId "24130737"]
[BlackFideId "4158814"]
[EventDate "2017.10.02"]
[EventType "blitz"]

1. Nf3 c5 2. b3 b6 3. g3 Bb7 4. Bg2 Nf6 5. Bb2 d5 6. Bxf6 gxf6 7. d4 e5 8. e3
Nc6 9. dxc5 Bxc5 10. O-O Qd7 11. Nc3 O-O-O 12. a3 Kb8 13. Nh4 d4 14. Ne4 dxe3
15. Qxd7 exf2+ 16. Kh1 Rxd7 17. b4 Be7 18. Rxf2 Rhd8 19. Raf1 Rd1 20. h3 Rxf1+
21. Rxf1 Nd4 22. c3 Ne2 23. Nf5 Bxe4 24. Bxe4 Nxc3 25. Bc6 Bf8 26. Rf3 Ne2 27.
Kg2 Rd2 28. Rf2 Rc2 29. Be4 Ra2 30. Bd5 Rc2 1-0

[Event "ch-RUS Blitz 2017"]
[Site "Sochi RUS"]
[Date "2017.10.02"]
[Round "18.4"]
[White "Savchenko, Boris"]
[Black "Inarkiev, Ernesto"]
[Result "1-0"]
[WhiteTitle "GM"]
[BlackTitle "GM"]
[WhiteElo "2581"]
[BlackElo "2694"]
[WhiteFideId "4147332"]
[BlackFideId "4162722"]
[EventDate "2017.10.02"]
[EventType "blitz"]

1. e4 e5 2. Nf3 Nc6 3. Bc4 Bc5 4. c3 Nf6 5. d3 O-O 6. a4 a6 7. Nbd2 d5 8. exd5
Nxd5 9. Ne4 Be7 10. O-O Bg4 11. h3 Bh5 12. Re1 Kh8 13. Ng3 Bg6 14. a5 b5 15.
axb6 Nxb6 16. Rxa6 Nxc4 17. Rxc6 Bxd3 18. b3 Na5 19. Nxe5 Ba6 20. Qxd8 Bxd8 21.
Nxf7+ Kg8 22. Nxd8 Rfxd8 23. Rxc7 Nxb3 24. Ree7 Nxc1 25. Rxg7+ Kf8 26. Rxh7 Kg8
27. Rcg7+ Kf8 28. Nf5 1-0

[Event "ch-RUS Blitz 2017"]
[Site "Sochi RUS"]
[Date "2017.10.02"]
[Round "18.5"]
[White "Pridorozhni, Aleksei"]
[Black "Demidov, Mikhail"]
[Result "1-0"]
[WhiteTitle "GM"]
[BlackTitle "IM"]
[WhiteElo "2565"]
[BlackElo "2521"]
[WhiteFideId "4127870"]
[BlackFideId "4197143"]
[EventDate "2017.10.02"]
[EventType "blitz"]

1. e4 e6 2. d4 d5 3. Nc3 Be7 4. Nf3 Nf6 5. Bd3 c5 6. dxc5 dxe4 7. Nxe4 Nxe4 8.
Bxe4 Qxd1+ 9. Kxd1 Bxc5 10. Ne5 Nd7 11. Nd3 Bb6 12. f4 Nf6 13. Bf3 Rb8 14. Ke2
Bd7 15. Ne5 Ke7 16. Nxd7 Nxd7 17. Rd1 Rhc8 18. c3 Nf6 19. Bd2 Bc7 20. c4 Bd6 21.
Rac1 b6 22. g3 Rc7 23. b3 Rbc8 24. Rb1 a5 25. Bc3 Bb4 26. Be5 Ra7 27. Rd3 g6 28.
g4 Nd7 29. Bd4 a4 30. Rb2 axb3 31. axb3 Nc5 32. Re3 Rd8 33. Bg7 Ra1 34. f5 gxf5
35. gxf5 Re1+ 36. Kf2 Nd3+ 37. Rxd3 Rxd3 38. f6+ Kd7 39. Ra2 Ree3 40. Ra7+ Kd6
41. Be2 Rxb3 42. Rxf7 Ke5 43. Rc7 Kf5 44. f7 Rh3 45. c5 Rxh2+ 46. Kg1 Rxe2 47.
f8=Q+ Ke4 48. Qa8+ Kf4 49. Rf7+ Kg5 50. Bd4 Rb1+ 51. Rf1 Rxf1+ 52. Kxf1 Re1+ 53.
Kf2 bxc5 54. Bxc5 Rb1 55. Qg2+ Kh4 56. Qe4+ 1-0

[Event "ch-RUS Blitz 2017"]
[Site "Sochi RUS"]
[Date "2017.10.02"]
[Round "18.6"]
[White "Sjugirov, Sanan"]
[Black "Tsydypov, Zhamsaran"]
[Result "0-1"]
[WhiteTitle "GM"]
[BlackTitle "IM"]
[WhiteElo "2650"]
[BlackElo "2529"]
[WhiteFideId "4189302"]
[BlackFideId "4108566"]
[EventDate "2017.10.02"]
[EventType "blitz"]

1. d4 Nf6 2. c4 g6 3. f3 Bg7 4. e4 O-O 5. Nc3 c5 6. d5 e6 7. Nge2 a6 8. a4 exd5
9. cxd5 d6 10. Ng3 h5 11. Be2 h4 12. Nf1 Nh7 13. Ne3 Nd7 14. Nc4 Ne5 15. Nxe5
Bxe5 16. Be3 f5 17. exf5 Bxf5 18. Qd2 Re8 19. O-O Qe7 20. Ne4 Qg7 21. Bh6 Qd7
22. Bd3 b5 23. axb5 axb5 24. Rxa8 Rxa8 25. Bb1 Ra4 26. Kh1 Rb4 27. Nc3 Nf6 28.
Bg5 Nh5 29. Be4 Qh7 30. Ra1 Ng3+ 31. Kg1 Nxe4 32. fxe4 Bd7 33. Ra8+ Kg7 34. Ra7
Kg8 35. Ra8+ Kg7 36. Bf4 Bd4+ 37. Kh1 h3 38. Ra7 Kg8 39. Ra8+ Kg7 40. Bxd6 Qh5
41. Bf8+ Kh7 42. Ra7 Qg4 43. Qh6+ Kg8 44. Qxh3 Qxh3 45. gxh3 Bxh3 46. Ra8 Kf7
47. Nd1 Bg4 48. d6 Bf3# 0-1

[Event "ch-RUS Blitz 2017"]
[Site "Sochi RUS"]
[Date "2017.10.02"]
[Round "18.7"]
[White "Iljiushenok, Ilia"]
[Black "Alekseev, Evgeny"]
[Result "1/2-1/2"]
[WhiteTitle "IM"]
[BlackTitle "GM"]
[WhiteElo "2519"]
[BlackElo "2622"]
[WhiteFideId "24105074"]
[BlackFideId "4138147"]
[EventDate "2017.10.02"]
[EventType "blitz"]

1. e4 c5 2. Nc3 e6 3. Nf3 Nc6 4. d4 cxd4 5. Nxd4 a6 6. Be3 Nf6 7. Bd3 Qc7 8. O-O
Ne5 9. h3 Bc5 10. Qd2 d6 11. f4 Ned7 12. Rae1 O-O 13. Nf3 b5 14. a3 Bb7 15. Kh1
Bxe3 16. Qxe3 Nc5 17. e5 dxe5 18. fxe5 Nd5 19. Nxd5 Bxd5 20. Ng5 h6 21. Ne4 Bxe4
22. Bxe4 Nxe4 23. Qxe4 Rac8 24. c3 Rfd8 25. Rf2 Rd7 26. Ref1 Qc4 27. Qe3 Qd5 28.
Qb6 Qc6 29. Qe3 Qc5 30. Qe4 Qc4 31. Qe3 Qd5 32. Qb6 Qc6 33. Qe3 Rcd8 34. Qg3 Qc7
35. Qe3 Rc8 36. Qe4 1/2-1/2

[Event "ch-RUS Blitz 2017"]
[Site "Sochi RUS"]
[Date "2017.10.02"]
[Round "18.8"]
[White "Popov, Ivan RUS"]
[Black "Potkin, Vladimir"]
[Result "0-1"]
[WhiteTitle "GM"]
[BlackTitle "GM"]
[WhiteElo "2599"]
[BlackElo "2574"]
[WhiteFideId "4170350"]
[BlackFideId "4131061"]
[EventDate "2017.10.02"]
[EventType "blitz"]

1. e4 e5 2. Nf3 Nc6 3. Bc4 Bc5 4. O-O Nf6 5. d3 d6 6. c3 O-O 7. a4 a6 8. Re1 Ba7
9. h3 Ne7 10. d4 Nc6 11. Bg5 h6 12. Bh4 g5 13. Bg3 Qe7 14. d5 Nd8 15. Nbd2 Nh5
16. Bh2 Nf4 17. Bxf4 gxf4 18. Qe2 Kh8 19. Kh2 Rg8 20. Bd3 c6 21. c4 a5 22. Rg1
Bd7 23. g3 fxg3+ 24. Rxg3 Rxg3 25. fxg3 Rc8 26. Nh4 Qg5 27. Rf1 Qe3 28. b3 Qxe2+
29. Bxe2 Be3 30. Nb1 cxd5 31. exd5 Kg7 32. Bd3 Bg5 33. Nf5+ Bxf5 34. Bxf5 Rc7
35. Nc3 Be7 36. Nb5 Rc5 37. h4 b6 38. Kh3 Nb7 39. Bd7 Rxb5 40. Bxb5 Nc5 41. Rf3
e4 42. Re3 f5 43. Be8 Kf6 44. Kg2 Ke5 45. Kf2 Kd4 46. Ke2 Bf6 47. Bg6 Ke5 48.
Kd1 Nd3 49. Kc2 Nc5 50. Re2 Nd3 51. Re3 Kd4 52. Re2 Ke5 53. Bh7 Bg7 54. g4 Nb4+
55. Kd1 Kf4 56. Bxf5 e3 57. Ke1 Bf6 58. h5 Bh4+ 59. Kf1 Bg5 60. Kg2 Bf6 61. Re1
Bg5 62. Rf1+ Ke5 63. Kf3 Kd4 64. Ke2 Kc3 65. Rb1 Kd4 66. Bg6 Kc3 67. Bh7 Kd4 68.
Rf1 Kc3 69. Rf5 Bh4 70. g5 Nc2 71. Rf6 Bxg5 72. Rxd6 Nd4+ 73. Kf1 e2+ 0-1

[Event "ch-RUS Blitz 2017"]
[Site "Sochi RUS"]
[Date "2017.10.02"]
[Round "18.9"]
[White "Korotylev, Alexey"]
[Black "Tomashevsky, Evgeny"]
[Result "1/2-1/2"]
[WhiteTitle "GM"]
[BlackTitle "GM"]
[WhiteElo "2573"]
[BlackElo "2710"]
[WhiteFideId "4119142"]
[BlackFideId "4147235"]
[EventDate "2017.10.02"]
[EventType "blitz"]

1. Nf3 Nf6 2. c4 b6 3. Nc3 Bb7 4. d4 e6 5. a3 d5 6. Qc2 c5 7. cxd5 Nxd5 8. dxc5
Bxc5 9. Bg5 f6 10. Bd2 O-O 11. e3 Nd7 12. Bd3 f5 13. O-O Nxc3 14. Bxc3 Bxf3 15.
gxf3 Qh4 16. Kh1 Be7 17. Bb5 Rad8 18. Rg1 Bf6 19. Bb4 Nc5 20. Bc4 Rfe8 21. Bxc5
bxc5 22. Rad1 Rxd1 23. Rxd1 Kh8 24. b3 g6 25. Qe2 Kg7 26. a4 Re7 27. a5 f4 28.
a6 Be5 29. Rd3 Qf6 30. Rd1 Qh4 31. Rg1 Qf6 32. Rd1 Qh4 33. Rd3 Qf6 34. Rd1 1/2-1/2

[Event "ch-RUS Blitz 2017"]
[Site "Sochi RUS"]
[Date "2017.10.02"]
[Round "18.10"]
[White "Moskalenko, Alexander"]
[Black "Khismatullin, Denis"]
[Result "0-1"]
[WhiteTitle "IM"]
[BlackTitle "GM"]
[WhiteElo "2531"]
[BlackElo "2628"]
[WhiteFideId "4155351"]
[BlackFideId "4142578"]
[EventDate "2017.10.02"]
[EventType "blitz"]

1. b3 e5 2. Bb2 Nc6 3. e3 g6 4. c4 Bg7 5. Nc3 f5 6. d3 Nf6 7. g3 d5 8. cxd5 Nxd5
9. Nge2 Be6 10. Bg2 Ndb4 11. Nc1 e4 12. d4 O-O 13. Ba3 a5 14. O-O Rf7 15. N1e2
Rd7 16. h4 Bf7 17. Nf4 Ne5 18. Bxb4 axb4 19. Na4 b6 20. Qe2 Nc6 21. Qb5 Rd6 22.
Rfc1 Ra5 23. Qe2 h6 24. Nb2 g5 25. hxg5 hxg5 26. Nh5 Bxd4 27. exd4 Nxd4 28. Qd1
Rh6 29. Nc4 Bxh5 30. Qd2 Rd5 31. Qxb4 Bf3 32. Ne3 Rdd6 33. Qc4+ Kf8 34. Qxc7
Ne2+ 35. Kf1 Nxc1 36. Qxd8+ Rxd8 37. Rxc1 f4 38. gxf4 gxf4 39. Nf5 Rh5 40. Bxf3
exf3 0-1

[Event "ch-RUS Blitz 2017"]
[Site "Sochi RUS"]
[Date "2017.10.02"]
[Round "18.11"]
[White "Alekseenko, Kirill"]
[Black "Bocharov, Dmitry"]
[Result "1/2-1/2"]
[WhiteTitle "GM"]
[BlackTitle "GM"]
[WhiteElo "2563"]
[BlackElo "2585"]
[WhiteFideId "4135539"]
[BlackFideId "4138716"]
[EventDate "2017.10.02"]
[EventType "blitz"]

1. e4 d6 2. d4 Nf6 3. Nc3 g6 4. f4 Bg7 5. Nf3 O-O 6. Bd3 Nc6 7. e5 dxe5 8. fxe5
Nd5 9. Nxd5 Qxd5 10. c3 Bg4 11. O-O Rad8 12. Be2 f6 13. exf6 exf6 14. Bf4 Qd7
15. Qb3+ Kh8 16. Qxb7 Rb8 17. Qxc7 Qxc7 18. Bxc7 Rxb2 19. Ba6 Bh6 20. d5 Nb8 21.
Bd3 Nd7 22. Rfb1 Be3+ 23. Kh1 Rf2 24. Rf1 Rb2 25. Rae1 Bb6 26. Bd6 Rc8 27. c4
Bc5 28. Be7 Rxa2 29. d6 Ra3 30. Be4 Kg7 31. h3 Be6 32. Bb7 Rb8 33. Bc6 Rb6 34.
Bb5 a6 35. Bd8 Rb8 36. Rxe6 Rxd8 37. Re7+ Kh6 38. Rxd7 Rxd7 39. Bxd7 Bxd6 40.
Nd4 Rc3 41. Ne6 Rxc4 42. Rd1 Be5 43. Nd8 Kg7 44. Nc6 Bg3 45. Ra1 Rc5 46. Kg1 Rd5
47. Bc8 Rd6 48. Bb7 Rd2 49. Bxa6 g5 50. Bb5 f5 51. Bc4 Kf6 52. Nb4 Rd4 53. Rc1
Bf4 54. Rc2 Be3+ 55. Kf1 Re4 56. Nd5+ Ke5 57. Nxe3 Rxe3 58. Re2 Kf4 59. Rxe3
Kxe3 60. Be6 Ke4 61. Bf7 Kf4 62. Kf2 Ke5 63. Kf3 Kf6 64. Bh5 Ke5 65. Ke3 h6 66.
Bd1 Kf6 67. Kd4 Ke6 68. Be2 Kd6 69. Bc4 h5 70. Bf7 h4 71. Bh5 Ke6 72. Be2 Kd6
73. Bf3 Ke6 74. Bd5+ Kf6 75. Bc4 g4 76. hxg4 fxg4 77. Ke3 g3 78. Ke4 1/2-1/2

[Event "ch-RUS Blitz 2017"]
[Site "Sochi RUS"]
[Date "2017.10.02"]
[Round "18.12"]
[White "Grachev, Boris"]
[Black "Usmanov, Vasily"]
[Result "1-0"]
[WhiteTitle "GM"]
[BlackTitle "IM"]
[WhiteElo "2654"]
[BlackElo "2459"]
[WhiteFideId "4129199"]
[BlackFideId "4135741"]
[EventDate "2017.10.02"]
[EventType "blitz"]

1. d4 Nf6 2. Bf4 d5 3. e3 e6 4. Nd2 c5 5. c3 Nc6 6. Ngf3 Be7 7. h3 O-O 8. Bd3
Nh5 9. Bh2 f5 10. c4 Nf6 11. O-O cxd4 12. exd4 dxc4 13. Nxc4 Nxd4 14. Re1 Bb4
15. Re5 Nc6 16. Re2 b5 17. Nce5 Nxe5 18. Nxe5 Bb7 19. Bxb5 Qb6 20. Bc4 Rad8 21.
Qb3 Nd5 22. Nd3 Bd6 23. Qxb6 Bxh2+ 24. Kxh2 Nxb6 25. Bxe6+ Kh8 26. Ne5 Rde8 27.
Bb3 g6 28. Rc1 Be4 29. Nf7+ Kg7 30. Nd6 Rd8 31. Rc7+ 1-0

[Event "ch-RUS Blitz 2017"]
[Site "Sochi RUS"]
[Date "2017.10.02"]
[Round "18.13"]
[White "Timofeev, Artyom"]
[Black "Rozum, Ivan"]
[Result "0-1"]
[WhiteTitle "GM"]
[BlackTitle "GM"]
[WhiteElo "2549"]
[BlackElo "2590"]
[WhiteFideId "4140419"]
[BlackFideId "24104272"]
[EventDate "2017.10.02"]
[EventType "blitz"]

1. c4 g6 2. g3 Bg7 3. Bg2 c5 4. Nc3 Nc6 5. d3 d6 6. a3 Bf5 7. Rb1 Qd7 8. h3 Nf6
9. Nf3 O-O 10. g4 Be6 11. Ng5 Rac8 12. O-O b6 13. f4 d5 14. Nxe6 fxe6 15. g5 Nh5
16. cxd5 exd5 17. Nxd5 e6 18. Nc3 e5 19. Nd5 exf4 20. Bxf4 Nxf4 21. Nxf4 Qd4+ 0-1

[Event "ch-RUS Blitz 2017"]
[Site "Sochi RUS"]
[Date "2017.10.02"]
[Round "18.14"]
[White "Levin, Evgeny A."]
[Black "Jakovenko, Dmitry"]
[Result "1/2-1/2"]
[WhiteTitle "GM"]
[BlackTitle "GM"]
[WhiteElo "2532"]
[BlackElo "2710"]
[WhiteFideId "4182596"]
[BlackFideId "4122356"]
[EventDate "2017.10.02"]
[EventType "blitz"]

1. d4 Nf6 2. Nf3 e6 3. Bg5 h6 4. Bh4 d6 5. h3 b6 6. Nbd2 Bb7 7. e3 Be7 8. Bd3 c5
9. c3 cxd4 10. cxd4 Nbd7 11. Rc1 O-O 12. O-O a6 13. Qe2 b5 14. a3 Nd5 15. Bg3
N5b6 16. e4 Rc8 17. Rxc8 Qxc8 18. Nb3 Nc4 19. Rc1 Qa8 20. Rc2 Ndb6 21. Nbd2 Rc8
22. Bh4 Bf8 23. Bg3 a5 24. Kh2 a4 25. Nb1 d5 26. e5 b4 27. axb4 Bxb4 28. Bf4 Na5
29. Bd2 Rxc2 30. Bxc2 Ba6 31. Qe1 Bxd2 32. Qxd2 Nac4 33. Qb4 Qf8 34. Qc3 Bb5 35.
b3 axb3 36. Bxb3 Ba4 37. Nbd2 Bxb3 38. Qxb3 Qa8 39. Nxc4 Nxc4 40. g3 Qa1 41. Kg2
Qc1 42. Qb8+ Kh7 43. Qe8 Qc2 44. Qxf7 Ne3+ 45. Kg1 Qd1+ 46. Kh2 Qf1 47. fxe3
Qf2+ 48. Kh1 Qf1+ 1/2-1/2

[Event "ch-RUS Blitz 2017"]
[Site "Sochi RUS"]
[Date "2017.10.02"]
[Round "18.15"]
[White "Kryakvin, Dmitry"]
[Black "Sarana, Alexey"]
[Result "0-1"]
[WhiteTitle "GM"]
[BlackTitle "GM"]
[WhiteElo "2583"]
[BlackElo "2541"]
[WhiteFideId "4153278"]
[BlackFideId "24133795"]
[EventDate "2017.10.02"]
[EventType "blitz"]

1. d4 Nf6 2. Bg5 Ne4 3. Bf4 c5 4. f3 Qa5+ 5. c3 Nf6 6. d5 Qb6 7. b3 e6 8. e4
exd5 9. exd5 Bd6 10. Bg5 Be5 11. f4 Bc7 12. Nf3 O-O 13. Be2 c4 14. bxc4 Ng4 15.
Nd4 Ne3 16. Qd2 Re8 17. g3 h6 18. Bh4 Ng2+ 19. Kf2 Nxh4 20. gxh4 Qf6 21. Kg2
Bxf4 22. Qc2 Qxh4 23. Nf5 Qg5+ 24. Ng3 d6 25. Na3 Qh4 26. Raf1 Bh3+ 27. Kf2 Bxf1 0-1

[Event "ch-RUS Blitz 2017"]
[Site "Sochi RUS"]
[Date "2017.10.02"]
[Round "18.16"]
[White "Korchmar, Vasiliy"]
[Black "Hasangatin, Ramil"]
[Result "1-0"]
[WhiteTitle "IM"]
[BlackTitle "GM"]
[WhiteElo "2399"]
[BlackElo "2496"]
[WhiteFideId "24131750"]
[BlackFideId "4122160"]
[EventDate "2017.10.02"]
[EventType "blitz"]

1. d4 d6 2. e4 Nf6 3. Nc3 g6 4. f4 Bg7 5. Nf3 O-O 6. Bd3 Na6 7. O-O c5 8. d5 Bg4
9. Kh1 Rb8 10. a3 Nc7 11. Qe1 b5 12. f5 c4 13. Be2 Bxf3 14. Rxf3 Kh8 15. Qh4 Rg8
16. Bg5 Bf8 17. Rh3 Nce8 18. Rf1 Rg7 19. g4 b4 20. axb4 Rxb4 21. Bh6 Rxb2 22. g5
Nh5 23. Bxh5 gxh5 24. Qxh5 Kg8 25. Bxg7 Bxg7 26. Qxh7+ Kf8 27. Ne2 Qb6 28. Nf4
Rb1 29. Rf3 Rxf1+ 30. Rxf1 Qe3 31. Ne6+ fxe6 32. fxe6+ Nf6 33. Qg6 Kg8 34. gxf6 1-0

[Event "ch-RUS Blitz 2017"]
[Site "Sochi RUS"]
[Date "2017.10.02"]
[Round "18.17"]
[White "Rakhmanov, Aleksandr"]
[Black "Murzin, Volodar"]
[Result "0-1"]
[WhiteTitle "GM"]
[BlackTitle "FM"]
[WhiteElo "2669"]
[BlackElo "2280"]
[WhiteFideId "4173708"]
[BlackFideId "44155573"]
[EventDate "2017.10.02"]
[EventType "blitz"]

1. c4 Nf6 2. Nc3 g6 3. g3 Bg7 4. Bg2 O-O 5. d3 c6 6. e4 d6 7. Nge2 c5 8. h3 Nc6
9. Be3 e5 10. O-O Nd4 11. f4 Ne8 12. Nd5 Nc7 13. g4 Nxe2+ 14. Qxe2 exf4 15. Bxf4
Ne6 16. Be3 Nd4 17. Qf2 Be6 18. Nf6+ Bxf6 19. Qxf6 Qxf6 20. Rxf6 Nc2 21. Rc1
Nxe3 22. Bh1 Kg7 23. Rf3 Nxg4 24. hxg4 Bxg4 25. Rg3 h5 26. d4 cxd4 27. Rd3 Rfe8
28. Rxd4 Re6 29. Rc3 Rc8 30. Ra3 a6 31. Rb3 Rc7 32. Rb6 Kf6 33. Kf2 Ke7 34. b4
Rf6+ 35. Kg1 Be2 36. a4 Bxc4 37. Rd2 Bb3 38. a5 Ba4 39. e5 dxe5 40. Rxb7 Rxb7
41. Bxb7 Bb5 42. Rd5 Bc6 43. Bxc6 Rxc6 44. Rxe5+ Kd6 45. Re8 Rc4 46. Rb8 Kc7 47.
Rf8 Rf4 48. Kg2 Kb7 49. Kg3 g5 0-1

[Event "ch-RUS Blitz 2017"]
[Site "Sochi RUS"]
[Date "2017.10.02"]
[Round "18.18"]
[White "Potapov, Pavel"]
[Black "Kobalia, Mikhail"]
[Result "1-0"]
[WhiteTitle "GM"]
[BlackTitle "GM"]
[WhiteElo "2479"]
[BlackElo "2596"]
[WhiteFideId "4169786"]
[BlackFideId "4119150"]
[EventDate "2017.10.02"]
[EventType "blitz"]

1. e4 c5 2. c3 Nf6 3. e5 Nd5 4. Bc4 e6 5. Nf3 d6 6. d4 cxd4 7. cxd4 Nb6 8. Bd3
Nc6 9. O-O Nb4 10. Be4 d5 11. Bd3 Nxd3 12. Qxd3 Be7 13. Nc3 Bd7 14. b3 O-O 15.
a4 Nc8 16. Bd2 a6 17. Rfc1 Na7 18. Ne2 Nc6 19. Nf4 Rc8 20. Rc2 Nb4 21. Bxb4 Bxb4
22. Rxc8 Qxc8 23. Ng5 g6 24. Qh3 h5 25. Nxh5 gxh5 26. Qd3 f5 27. exf6 Rxf6 28.
Qh7+ Kf8 29. Qh8+ Ke7 30. Qg7+ Kd6 31. Qxf6 Qc3 32. Rf1 Qxb3 33. Rc1 1-0